24 horas / (Record no. 90305)

MARC details
000 -CABECERA
campo de control de longitud fija 00557nam a2200217 a 4500
005 - FECHA Y HORA DE LA ÚLTIMA TRANSACCIÓN
campo de control 20240320063656.0
008 - ELEMENTOS DE LONGITUD FIJA--INFORMACIÓN GENERAL
campo de control de longitud fija 020618s2001 mx r 000 0 spa d
020 ## - NÚMERO INTERNACIONAL NORMALIZADO PARA LIBROS
Número Internacional Estándar del Libro 9500422131
035 ## - NÚMERO DE CONTROL DEL SISTEMA
Número de control de sistema UPN01000117887
049 ## - COLECCIÓN
Colección CG
050 #4 - SIGNATURA TOPOGRÁFICA DE LA BIBLIOTECA DEL CONGRESO
Número de clasificación PS3517 L3
Número de documento/Ítem V4.48
100 1# - ASIENTO PRINCIPAL--NOMBRE PERSONAL
Nombre de persona Iles, Greg
245 10 - MENCIÓN DE TÍTULO
Título 24 horas /
Mención de responsabilidad, etc. Greg Iles ; tr. Gabriel Zadunaisky
260 ## - PUBLICACIÓN, DISTRIBUCIÓN, ETC.
Lugar de publicación, distribución, etc. Buenos Aires :
Nombre del editor, distribuidor, etc. Emecé,
Fecha de publicación, distribución, etc. c2001.
300 ## - DESCRIPCIÓN FÍSICA
Extensión 317 p.
440 #0 - MENCIÓN DE SERIE/ASIENTO SECUNDARIO--TÍTULO
Título Grandes novelistas
650 #4 - ASIENTO SECUNDARIO DE MATERIA - TERMINO TEMATICO
Término de materia o nombre geográfico como elemento de entrada Novela estadounidense
9 (RLIN) 4462
901 ## - ELEMENTOS DE DATOS A LOCAL LDA (RLIN)
a 195474
902 ## - ELEMENTOS DE DATOS B LOCAL, LDB (RLIN)
Creó MCM/mema
905 ## - TIPO DE MATERIAL
Tipo de material Libro
Holdings
Estado de retiro Estado de pérdida Fuente del sistema de clasificación o colocación Estado dañado No para préstamo Código de colección Localización permanente Ubicación/localización actual Ubicación en estantería Total de préstamos Clasificación Código de barras Fecha visto por última vez Número de copia Tipo de ítem Koha
    Library of Congress Classification     Colección General Bib. Gregorio Torres Quintero Bib. Gregorio Torres Quintero Planta baja 10 PS3517 L3 V4.48 195474 31/12/2020 1 Libro